| 000 | 00905nam a22002417a 4500 | ||
|---|---|---|---|
| 999 |
_c64960 _d64960 |
||
| 005 | 20240530110759.0 | ||
| 008 | 190121s2017 ua f f b 000 0dara d | ||
| 017 |
_a2017/9210 _bمصر. دار الكتب |
||
| 020 | _a9789779112817 | ||
| 040 |
_aEG-CaGPL _cEG-CaGPL |
||
| 082 | 0 | 4 |
_221 _a927 / _bق/ع إ |
| 100 | 0 | _aعثمان الامير | |
| 245 | 1 | 2 |
_aالابداع الفنى والادبى فى بلاد النوبة / _cعثمان الامير |
| 250 | _aط.1 | ||
| 260 |
_aالقاهرة : _bالهيئة المصرية العامة للكتاب، _c2017. |
||
| 300 |
_a203 ص. : _bايض ؛ _c24 سم. |
||
| 504 | _aيشتمل على ارجاعات ببليوجرافية | ||
| 650 | 0 | 7 |
_2qrmak _aالفنانون _vتراجم _zالنوبة |
| 651 | _2qrmak | ||
| 653 | 0 | _aالابداع الادبى والفنى | |
| 942 |
_2ddc _cBK |
||